Podnikový datový sklad
Zo skoršej podpornej funkcie sa logistika stáva strategickým konkurenčným činiteľom. Centrom efektívneho logistického systému je riadenie informácií a informačnej technológie. Izolované riešenia v podniku existujú čiastočne vedľa procesne orientovaných riešení. Strategické vyhodnocovanie logistický...
Salvato in:
| Natura: | Capitolo di libro |
|---|---|
| Lingua: | ceco |
| Soggetti: | |
| Tags: |
Nessun Tag, puoi essere il primo ad aggiungerne!!
|
MARC
| LEADER | 00000naa$a2200000$$$4500 | ||
|---|---|---|---|
| 001 | 0057967 | ||
| 005 | 20231128134146.1 | ||
| 041 | 0 | |a cze | |
| 044 | |a CZ | ||
| 245 | 1 | 0 | |a Podnikový datový sklad |
| 520 | |a Zo skoršej podpornej funkcie sa logistika stáva strategickým konkurenčným činiteľom. Centrom efektívneho logistického systému je riadenie informácií a informačnej technológie. Izolované riešenia v podniku existujú čiastočne vedľa procesne orientovaných riešení. Strategické vyhodnocovanie logistických systémov sa dostatočne nevyužíva. Celopodnikové dátové sklady sú schopné ukladať a zachovávať veľké množstvo informácií, a preto sú ideálnym základom pre analytické vyhodnocovanie podnikových súvislostí. Zhromažďovaním údajov sa dosiahne výstižný obraz podnikových výkonov. | ||
| 610 | 2 | 0 | |a riadenie podnikové |
| 610 | 2 | 0 | |a technológie informačné |
| 610 | 2 | 0 | |a technológie komunikačné |
| 610 | 2 | 0 | |a systémy informačné |
| 610 | 2 | 0 | |a procesy podnikové |
| 610 | 2 | 0 | |a báza dát |
| 610 | 2 | 0 | |a výkony podnikové |
| 610 | 2 | 0 | |a logistika |